[Event "Avoine op 38th"]
[Site "Avoine"]
[Date "2024.07.20"]
[Round "1"]
[White "Gratton, Manolo"]
[Black "Sanket, Chakravarty"]
[Result "1/2-1/2"]
[WhiteElo "1995"]
[BlackElo "2352"]
[PlyCount "159"]
[EventDate "2024.07.20"]
[EventType "swiss"]
[EventRounds "9"]
[EventCountry "FRA"]
[SourceTitle "EXT 2025"]
[Source "ChessBase"]
[SourceDate "2024.10.14"]
[SourceVersion "1"]
[SourceVersionDate "2024.10.14"]
[SourceQuality "1"]

1. e4 c5 2. Nf3 e6 3. d4 cxd4 4. Nxd4 Nf6 5. Nc3 Nc6 6. Ndb5 Bc5 7. Bf4 0-0 8. Bc7 Qe7 9. Bd6 Bxd6 10. Qxd6 Qd8 11. 0-0-0 a6 12. Nd4 Na5 13. h4 b5 14. h5 h6 15. f3 Bb7 16. g4 Rc8 17. Rg1 Qc7 18. Nb3 Nxb3+ 19. axb3 Qxd6 20. Rxd6 Rc6 21. Rd2 Rfc8 22. b4 d6 23. Bd3 Kf8 24. Ne2 Ke7 25. Nf4 Nh7 26. Nh3 Ng5 27. Nxg5 hxg5 28. Kd1 Ra8 29. Ke2 a5 30. Ra1 axb4 31. Rxa8 Bxa8 32. Bxb5 Rc5 33. Bd3 Kf6 34. Rd1 Ra5 35. Bc4 Ke5 36. Ke3 Bc6 37. Bb3 Ra7 38. Bc4 Ba4 39. Ra1 Rc7 40. Rxa4 Rxc4 41. c3 Rc5 42. Rxb4 Ra5 43. Rb7 Kf6 44. b4 Ra1 45. Rd7 Rc1 46. Kd2 Rf1 47. Rxd6 Rxf3 48. b5 Rf2+ 49. Kc1 Ke5 50. Rd2 Rf1+ 51. Kb2 f5 52. gxf5 exf5 53. exf5 Rxf5 54. c4 g4 55. b6 g3 56. b7 Rf8 57. Rd5+ Kf4 58. Rd7 g5 59. c5 g2 60. Rd1 Ke4 61. c6 Rf1 62. Rxf1 gxf1Q 63. b8Q Qf6+ 64. Kc2 Qxc6+ 65. Kd2 Qd5+ 66. Ke2 Qd3+ 67. Kf2 Qf3+ 68. Kg1 Qg4+ 69. Kf2 Qf3+ 70. Kg1 Qxh5 71. Qb4+ Kf5 72. Qc5+ Kg6 73. Qd6+ Kg7 74. Qe7+ Kg8 75. Qe6+ Qf7 76. Qxf7+ Kxf7 77. Kf2 Kg6 78. Kg3 Kf5 79. Kf3 g4+ 80. Kg3 1/2-1/2

[Event "FRA-ch Blitz Online Qual"]
[Site "Europe Echecs INT"]
[Date "2020.05.16"]
[Round "3"]
[White "Gratton, Manolo"]
[Black "Cocogne, Ludovic"]
[Result "1/2-1/2"]
[WhiteElo "1573"]
[BlackElo "1924"]
[PlyCount "121"]
[EventDate "2020.05.16"]
[EventType "swiss (blitz)"]
[EventRounds "15"]
[EventCountry "FRA"]
[SourceTitle "CBM 196 Extra"]
[Source "ChessBase"]
[SourceDate "2020.07.31"]
[SourceVersion "1"]
[SourceVersionDate "2020.07.31"]
[SourceQuality "1"]

1. e4 c5 2. Nf3 d6 3. d4 cxd4 4. Nxd4 Nf6 5. Nc3 Nc6 6. Bb5 Bd7 7. 0-0 g6 8. f4 a6 9. Bxc6 Bxc6 10. Nxc6 bxc6 11. Be3 Bg7 12. Qd2 0-0 13. Rad1 Qc7 14. h3 h5 15. f5 Kh7 16. Kh1 Rab8 17. b3 Rbc8 18. Bf4 Rcd8 19. Rde1 e5 20. Bg5 Rd7 21. Bxf6 Bxf6 22. Ne2 Bg7 23. Ng3 Bh6 24. Qe2 d5 25. exd5 Rxd5 26. fxg6+ fxg6 27. Rxf8 Bxf8 28. Qxa6 Bb4 29. Rf1 Bd6 30. Ne4 Rd4 31. Nxd6 Qxd6 32. Qb7+ Kh6 33. Qf7 Rf4 34. Rxf4 exf4 35. Qc4 Qd1+ 36. Kh2 Qd6 37. a4 g5 38. Kg1 Qd1+ 39. Kf2 Qd6 40. Qe2 Qd4+ 41. Kf1 Qd6 42. Qd3 Qe6 43. Kf2 Qf6 44. Qe4 g4 45. hxg4 hxg4 46. g3 f3 47. Qxg4 Qc3 48. Qe4 Qd2+ 49. Kxf3 Qd1+ 50. Kf4 Qf1+ 51. Kg4 Qd1+ 52. Qf3 Qd7+ 53. Qf5 Qg7+ 54. Kh4 Qd4+ 55. Kh3 Qg1 56. Qf6+ Kh7 57. Qxc6 Qh1+ 58. Qxh1 Kg6 59. Kg4 Kf6 60. Qc6+ Ke5 61. c3 1/2-1/2